• 首页
  • 本馆介绍
  • 公告通知
  • 最新文献
  • 馆藏检索
  • 电子资源
  • 读者导购
  • 参考咨询
  • 我的图书馆
  • 登录
  • 详细信息显示
  • 放入我的书架
  • 预约/预借图书
  • 作者相关作品
  • 分类相关作品
  • 丛书相关作品
  • 出版社相关作品

书目信息

  • 表格格式
  • 工作单格式
  • 卡片格式
书名: The state-society struggle
作者: by Thomas M. Callaghy.
分册号:
分册名:
出版地: New York :
 
出版社: Columbia University Press
出版时间: 1984.
页数: xviii, 515 p. :
开本: 24 cm.
丛书名:
中图分类号:
科图分类号:
其他分类号: D746.31
主题词:
电子资源:
000 01120cam a2200313 a 450
001 E0755161822
005 20070518153050.50
008 840309s1984 nyub b 001 0 eng
010    @a84005865
020    @a0231057210 (pbk. : alk. paper) :@c$15.00.
020    @a0231057202 (alk. paper) :@c$35.00.
035    @A(DLC) 84005865
040    @aDLC@cDLC@dDLC
043    @af-cg---
050 00 @aJQ3602@b.C34 1984
082 00 @a321.9/09675/1@2 19
090    @aD746.31
099    @dD746.31@ex150
100 1  @aCallaghy, Thomas M.
245 14 @aThe state-society struggle :@bZaire in comparative perspective / @cby Thomas M. Callaghy.
260    @aNew York :@bColumbia University Press,@c1984.
300    @axviii, 515 p. :@bmap ;@c24 cm.
500    @aIncludes index.
504    @aBibliography: p. [475]-506.
650  0 @aComparative government.
650  0 @aLocal government@zCongo (Democratic Republic)
651  0 @aCongo (Democratic Republic)@xPolitics and government@y1960-1997.
906    @a7@bcbc@corignew@d1@eocip@f19@gy-gencatlg
991    @bc-GenColl@hJQ3602@i.C34 1984@p00021621328@tCopy 1@wBOOKS
    
    The state-society struggle : : Zaire in comparative perspective / / by Thomas M. Callaghy.-New York : : Columbia University Press, , 1984.
    xviii, 515 p. : : map ; ; 24 cm.
    Includes index.-Bibliography: p. [475]-506.
    
    ISBN 0231057210 (pbk. : alk. paper) :$15.00.
    
●
相关链接 在E读中查询图书 在五车中查询图书 在当当中查询图书 在豆瓣中查询图书


正题名:state-society struggle     索取号:D746.31/x150         预约/预借

序号 登录号 条形码 馆藏地/架位号 状态 备注
1 9963   300099630   第二样本阅览室/ [索取号:D746.31/x150] 在馆    
唐山师范学院图书馆 欢迎您!
大连网信软件有限公司© 版权所有